El delito de blanqueo de capitales

Salvato in:
Dettagli Bibliografici
Autore principale: Blanco Cordero, Isidoro (Autore)
Natura: Libro
Lingua:spagnolo
Pubblicazione: Pamplona Aranzadi S. A 1997
Edizione:1a. ed
Soggetti:
Tags: Aggiungi Tag
Nessun Tag, puoi essere il primo ad aggiungerne!!

MARC

LEADER 00000cam a2200000 a 4500
001 UCC4380
003 CL-VaPUC
008 180727e19970000sp |||||||||||||||||spa|d
020 |a 8481935344 
082 0 4 |a 345.0268  |b BLA  |2 21 
100 0 |a Blanco Cordero, Isidoro  |e author  |9 598629 
245 1 3 |a El delito de blanqueo de capitales 
250 |a 1a. ed 
300 |a 597 p 
942 |c BK 
945 |d 20180727 12:54:00  |a dcastane 
260 |a Pamplona  |b Aranzadi S. A  |c 1997 
650 7 |a LAVADO DE DINERO  |2 CL-VaPUC  |9 418443 
650 0 |a Delitos económicos   |9 255899 
583 |a last modification  |c 20180727 12:54:00  |k Rodrigo Vera 
999 |c 371932  |d 371930 
952 |0 0  |1 0  |3 erb  |4 0  |6 345_026800000000000_BLA_1997  |7 0  |8 A  |9 489149  |a BIBDER  |b BIBDER  |e Mateluna Arestizabal, Alfredo Sergio  |i 5485029  |l 5  |o 345.0268 BLA 1997  |p 5485029  |r 2021-08-23  |s 2021-08-17  |w 2019-11-24  |y BK  |z Catalogado en:20180727  |k DER